Dieux, Titans et divinités primordiales grecs - Statistiques

Statistiques générales
  • Ce quiz a été pris 56 fois
    27 depuis la dernière actualisation
  • Le résultat moyen est 33 sur 115
Statistiques - réponses
Hint Réponse % Correct
Déesse de l'amour, de la beauté, de la séduction, des plaisirs et de la sexualité Aphrodite
80%
Déesse de la chasse, des étendues sauvages, des animaux, des jeunes femmes et de l'accouchement Artémis
80%
Dieu de la vigne, du vin et de ses excès, des fêtes, de la folie, de l'ivresse, du théâtre, de l'extase, des excès, de la démesure, des orgies avinées et de la végétation sauvage Dionysos
80%
Reine des cieux et déesse de l'air, des constellations, du mariage, de la fidélité, des femmes, des familles, des rois et des empires Héra
80%
Dieu des troupeaux, des routes, des bornes frontières, du voyage, des communications, du commerce, des voleurs, de la ruse, de la langue, de l'écriture, de la diplomatie, messager des dieux Hermès
80%
Déesse de l'intelligence, de l'habileté, de la stratégie guerrière, de l'artisanat et de la sagesse Athéna
73%
Titan contraint de porter le ciel sur ses épaules Atlas
73%
Déesse des céréales, de l'agriculture, de la moisson, de la fertilité, de la croissance et des aliments Déméter
73%
Dieu des vents Eole
73%
Dieu de l'amour et de l'acte sexuel Eros
73%
Déesse de la terre Gaia
73%
Dieu difforme du feu, des forgerons, du travail du métal, des artisans et des volcans Héphaïstos
73%
Déesse de la nuit Nyx
73%
Roi des dieux, dieu du ciel, des nuages, de la pluie, du tonnerre, des éclairs et la foudre Zeus
73%
Dieu de la guerre sanglante, de la violence et de la destruction Arès
67%
Dieu du sommeil Hypnos
67%
Dieu des rêves Morphée
67%
Dieu des cieux Ouranos
67%
Dieu de la lumière, du soleil, de la musique, des arts, des soins, de la guérison et de la médecine, des prophéties, de la poésie, de la pureté, des sports et de la beauté Apollon
60%
Roi du monde souterrain et des morts et dieu de la richesse cachée de la Terre Hadès
60%
Déesse de la victoire Niké
60%
Dieu de la mer, des navigateurs, des inondations, des tremblements de terre et des séismes Poséidon
60%
Personnification du temps Chronos
53%
Déesse de la discorde, du conflit et de la rivalité Eris
53%
Titan dieu du soleil Hélios
53%
Déesse du foyer, de la maison et de la chasteté Hestia
53%
Déesse de la vengeance, de l'équilibre, de l'indignation légitime et de la rétribution Némésis
53%
Titanide déesse de la lune Séléné
53%
Dieu de la mort naturelle et de la mortalité Thanatos
53%
Dieu du vent du nord et de l'hiver Borée
47%
Vide d'où tout provient, première entité à être apparue Chaos
47%
Déesse de la magie, de la nuit, de la lune, des fantômes et de la nécromancie Hécate
47%
Dieu des bergers, des pâturages et de la fertilité Pan
47%
Déesse de la croissance et des moissons au printemps Perséphone
47%
Déesse de l'arc-en-ciel Iris
40%
Titanide de la mémoire et du souvenir Mnémosyne
40%
Dieu du vent de l'ouest et du printemps Zéphyr
40%
Titanide déesse de l'aurore Eos
33%
Déesse de l'harmonie et de la concorde Harmonie
33%
Déesse de la jeunesse Hébé
33%
Titan des fleuves, de la mer et des océans Océan
33%
Dieu de la mer, père des poissons et des autres créatures marines Pontos
33%
Titanide de la fertilité, de la maternité et des animaux Rhéa
33%
Dieu de la partie la plus sombre et la plus profonde des enfers Tartare
33%
Titanide de l'ordre, de la loi et la justice Thémis
33%
Déesse de l'inévitable, de la compulsion et de la nécessité Ananké
27%
Dieu de la guérison Asclépios
27%
Titan des pensées après coup Epiméthée
27%
Dieu du vent de l'est et de l'automne Euros
27%
Déesse de la propreté et de la bonne santé Hygie
27%
Titan de la lumière Hypérion
27%
Titan de la mortalité et de l'Ouest Japet
27%
Dieu du vent du sud et de l'été Notos
27%
Titan de la préméditation et du conseil avisé, et de la prévoyance Prométhée
27%
Titanide des oracles nocturnes et des étoiles filantes Astéria
20%
Titan de l'intellect, des constellations et de l'axe du ciel Céos
20%
Déesse de la neige Chioné
20%
Titan de l'astronomie Crios
20%
Dieu des ténèbres Erèbe
20%
Dieu de l'air et de la lumière céleste Ether
20%
Titan de l'art de la guerre Pallas
20%
Titanide de l'intellect et des prophéties Phébé
20%
Dieu de la richesse Ploutos
20%
Déesse de l'âme Psyché
20%
Déesse marine monstrueuse Scylla
20%
Titanide de l'eau, des rivières et des sources Téthys
20%
Esprit primordial de la mer Thalassa
20%
Déesse de la chance, de la providence et du destin Tyché
20%
Dieu de l'éternité Eon
13%
Déesse de la lumière terrestre et du soleil Héméra
13%
Déesse de l'accouchement Ilithyie
13%
Titanide de la maternité Léto
13%
Titan du bon conseil, des avis, de la préparation, de la ruse et de la sagesse Métis
13%
Déesse des îles et de la mer Nèsoi
13%
Dieu des montagnes Ouréa
13%
Personnification de la haine Styx
13%
Titanide de la vue et la lumière brillante du ciel bleu Théia
13%
Titanide de la chaleur du feu Anchiale
7%
Messagère des titans Arcé
7%
Titanide du renom, de la gloire et de l'infamie Asia
7%
Titan du crépuscule, des étoiles, des planètes et de l'astrologie Astréos
7%
Dieu de la végétation Attis
7%
Titanide déesse de la brise et de l'air frais du petit matin Aura
7%
Déesse des fleurs Chloris
7%
Titanide de la maîtrise des mers Eurybie
7%
Titanide des prairies et des pâturages Eurynomé
7%
Titan de l'air et de la traque Lélantos
7%
Déesse de la mort bienheureuse Macarie
7%
Titan de la colère violente, de l'action brusque et de la mortalité humaine Ménétios
7%
Dieu du destin fatal, de la fatalité ou de la mort brutale Moros
7%
Dieu des riches pêches marines Nérée
7%
Titan de la destruction de la paix Persès
7%
Déesse de la guérison des blessures Acéso
0%
Déesse de l'injustice et des méfaits Adicie
0%
Déesse du vin et de l'amitié entre les nations Amphictyonis
0%
Déesse de la végétation, des fleurs, des marais et des couronnes de fleurs Anthéa
0%
Déesse vierge de la justice Astrée
0%
Déesse patronne des marins Brizo
0%
Déesse des dangers de l'océan et des monstres marins Céto
0%
Dieu des fêtes et des festivités Comos
0%
Dieu du fruit du lierre Corymbos
0%
Dieu des haricots Cyamitès
0%
Déesse de la bonne santé radieuse Eglé
0%
Déesse de l'apaisement de la douleur Epione
0%
Déesse de l'ordre et de la conduite respectueuse de la loi Eunomie
0%
Déesse de la rosée du matin Hersé
0%
Déesse des remèdes et des modes de guérison Iaso
0%
Déesse des mers calmes Ino
0%
Dieu de l'opportunité Kairos
0%
Déesse de la guérison Panacée
0%
Dieu de la procréation Phanès
0%
Dieu des dangers cachés des profondeurs Phorcys
0%
Dieu de la convalescence Télesphore
0%
Dieu des merveilles marines Thaumas
0%
Déesse des forts courants Thoôsa
0%
Aucun quiz correspondant
Distribution des résultats
% des personnes avec chaque résultat
Percentile par nombre de réponses
Votre historique - résultats
Vous n’avez pas pris ce quiz depuis la dernière actualisation